Chansons de "M.I.L.S 4" - Mort subite - Statistiques

Statistiques générales
  • Ce quiz a été pris 33 fois
  • Le résultat moyen est 8 sur 10
Answers on the Grid
Answers color-coded by a green-red scale on the quiz's grid according to % correct below.
Intro - La Pression
+971
Wallet
King von
Résine
J'ai pas changé
Au 33ème
Lettre à un fils
Les diamants de Bokassa
Dictionnaires
Livres
Les diamants du Louvre
Lettre à une femme
Au 34ème
J'ai changé
La vie qu'on mène
Queen
Portefeuille
Rose
Elle m'a eu
 
Statistiques - réponses
Réponse % Correct
King von
100%
+971
94%
Les diamants de Bokassa
89%
Lettre à un fils
89%
Au 33ème
78%
Dictionnaires
78%
Intro - La Pression
72%
Wallet
67%
J'ai pas changé
56%
Résine
56%
Aucun quiz correspondant
Distribution des résultats
% des personnes avec chaque résultat
Percentile par nombre de réponses
Votre historique - résultats
Vous n’avez pas pris ce quiz